000 01162cam a22003493a 4500
001 20002
003 PGUSA
005 20140828083426.0
008 061203s2006||||xxu|||||s|||||000 1 eng d
040 _aPGUSA
_beng
042 _adc
050 4 _aPR
100 1 _aDisraeli, Benjamin, Earl of Beaconsfield,
_d1804-1881
245 1 0 _aAlroy :
_bThe Prince of the Captivity
_h[electronic resource] /
_cBenjamin, Earl of Beaconsfield Disraeli
260 _bProject Gutenberg,
_c2006
506 _aPublic domain in the USA.
516 _aElectronic text
653 _aIslam -- Relations -- Judaism -- Fiction
653 _aJudaism -- Relations -- Islam -- Fiction
653 _aHistorical fiction
653 _aWar stories
653 _aCrusades -- Second, 1147-1149 -- Fiction
653 _aJews -- History -- 70-1789 -- Fiction
653 _aJerusalem -- History -- Latin Kingdom, 1099-1244 -- Fiction
653 _aKurdistan -- Fiction
653 _aMessianism -- Fiction
653 _aPrinces -- Fiction
653 _aJewish fiction
830 0 _aProject Gutenberg
_v20002
856 4 0 _uhttp://www.gutenberg.org/ebooks/20002
942 _cEB
999 _c249257
_d249257